Spell the Marvel Character #235 - Statistics

General Stats
  • This quiz has been taken 15 times
  • The average score is 10 of 13
Answer Stats
Picture Answer % Correct
Captain America
100%
Nick Fury
100%
She-Hulk
100%
Elektra
93%
Rogue
87%
Ms. Marvel
80%
Omega
80%
Rage
80%
Clea
67%
Crimson Curse
67%
U-Go Girl
67%
Inferno
60%
Spectrum
60%
No matching quizzes found
Score Distribution
Percent of People with Each Score
Percentile by Number Answered
Your Score History
You have not taken this quiz